000
00353nam a2200145Ia 4500
008
260624s2022 xx 000 0 und d
020
_a
9781204285846
041
_a
eng
082
_a
610
100
_a
Loscalzo
245
_a
Harrisons Principles of Internal Medicine
250
_a
21th ed
260
_b
MC Graw Hill2022
_c
2022
650
_a
Medicine
999
_c
1222527
_d
1222527